A course of higher mathematics
Saved in:
| Hovedforfatter: | |
|---|---|
| Format: | Bog |
| Sprog: | engelsk |
| Udgivet: |
Oxford
Pergamon Press
1964
|
| Serier: | Adiwes International Series in Mathematics
|
| Fag: | |
| Tags: |
Tilføj Tag
Ingen Tags, Vær først til at tagge denne postø!
|
MARC
| LEADER | 00000nam a2200000 a 4500 | ||
|---|---|---|---|
| 001 | UCQ8076 | ||
| 003 | CL-VaPUC | ||
| 008 | 981127e19640000UK |||||||||||||||||eng|d | ||
| 082 | 0 | 4 | |a 510 |b SMI |2 21 |
| 100 | 0 | |a Smirnov, V. I |e author |9 421930 | |
| 245 | 1 | 2 | |a A course of higher mathematics |
| 300 | |a 5 v | ||
| 942 | |c BK | ||
| 945 | |d 19981127 00:00:00 |a crobeson | ||
| 260 | |a Oxford |b Pergamon Press |c 1964 | ||
| 500 | |a v.1: Elementary calculus | ||
| 500 | |a v.2: Advanced calculus | ||
| 500 | |a v.3 p.1: Linear algebra | ||
| 500 | |a v.3 p.2: Complex variables-special functions | ||
| 500 | |a v.4: Integral ecuations and partial differencial ecuations | ||
| 500 | |a v.5: Integration and functional analysis | ||
| 650 | 0 | |a Matemática |9 260235 | |
| 650 | 0 | |a Matemática aplicada |9 260236 | |
| 650 | 7 | |a CALCULO ELEMENTAL |2 CL-VaPUC |9 421931 | |
| 650 | 7 | |a CALCULO AVANZADO |2 CL-VaPUC |9 360209 | |
| 650 | 0 | |a Álgebra lineal |9 260445 | |
| 650 | 0 | |a Variables complejas |9 581247 | |
| 650 | 0 | |a Ecuaciones integrales |9 270067 | |
| 650 | 0 | |a Análisis funcional |9 269993 | |
| 583 | |a last modification |c 19981127 00:00:00 |k Rodrigo Vera | ||
| 490 | 0 | |a Adiwes International Series in Mathematics | |
| 999 | |c 277434 |d 277432 | ||
| 952 | |0 0 |1 0 |4 0 |6 510_000000000000000_SMI_1964 |7 0 |8 A |9 315357 |a BIBMAT |b BIBMAT |d 2019-11-20 |h v.3 p.1 |i 1496980 |o 510 SMI 1964 |p 1496980 |r 2025-01-07 |w 2019-11-20 |y BK |k MAT | ||
| 952 | |0 0 |1 0 |4 0 |6 510_000000000000000_SMI_1964 |7 0 |8 A |9 315358 |a BIBMAT |b BIBMAT |d 2019-11-20 |h v.3 p.2 |i 1496999 |o 510 SMI 1964 |p 1496999 |r 2025-01-07 |w 2019-11-20 |y BK |k MAT | ||
| 952 | |0 0 |1 0 |4 0 |6 510_000000000000000_SMI_1964 |7 0 |8 A |9 315359 |a BIBMAT |b BIBMAT |d 2019-11-20 |h v.5 |i 1300008 |o 510 SMI 1964 |p 1300008 |r 2025-01-07 |w 2019-11-20 |y BK |k MAT | ||
| 952 | |0 0 |1 0 |4 0 |6 510_000000000000000_SMI_1964 |7 0 |8 A |9 315361 |a BIBMAT |b BIBMAT |d 2019-11-20 |h v.1 |i 1317555 |o 510 SMI 1964 |p 1317555 |r 2025-01-07 |w 2019-11-20 |y BK |k MAT | ||
| 952 | |0 0 |1 0 |4 0 |6 510_000000000000000_SMI_1964 |7 0 |8 A |9 315362 |a BIBMAT |b BIBMAT |d 2019-11-20 |h v.2 |i 1317520 |o 510 SMI 1964 |p 1317520 |r 2025-01-07 |w 2019-11-20 |y BK |k MAT | ||
| 952 | |0 0 |1 0 |4 0 |6 510_000000000000000_SMI_1964 |7 0 |8 A |9 315363 |a BIBMAT |b BIBMAT |d 2019-11-20 |h v.3 p.1 |i 1317571 |o 510 SMI 1964 |p 1317571 |r 2025-01-07 |w 2019-11-20 |y BK |k MAT | ||
| 952 | |0 0 |1 0 |4 0 |6 510_000000000000000_SMI_1964 |7 0 |8 A |9 315365 |a BIBMAT |b BIBMAT |d 2019-11-20 |h v.4 |i 1317474 |o 510 SMI 1964 |p 1317474 |r 2025-01-07 |w 2019-11-20 |y BK |k MAT | ||
| 952 | |0 0 |1 0 |4 0 |6 510_000000000000000_SMI_1964 |7 0 |8 A |9 315366 |a BIBMAT |b BIBMAT |d 2019-11-20 |h v.4 |i 1317032 |o 510 SMI 1964 |p 1317032 |r 2025-01-07 |w 2019-11-20 |y BK |k MAT | ||
| 952 | |0 0 |1 0 |4 0 |6 510_000000000000000_SMI_1964 |7 0 |8 A |9 315367 |a BIBMAT |b BIBMAT |d 2019-11-20 |h v.5 |i 1317083 |o 510 SMI 1964 |p 1317083 |r 2025-01-07 |w 2019-11-20 |y BK |k MAT | ||